LDR 00766naa#a2200169#i#450# 001 EN\RIOR\bibl\125654 005 20260629073322.1 011 ## _a2409-6024 100 ## _a20260530b2026####ek#y0engy0150####ca 102 ## _aRU 200 1# _aDIFFERENTIATION OF REGIONS IN THE CONTEXT OF AGRICULTURE AND ECONOMIC FACTORS _eJournal article 210 1# _aMoscow _cPublishing Center RIOR _d2026 215 ## _a8 с. 608 ## _aJournal article _2local 675 ## _aЭкономика. Народное хозяйство. Экономические науки. 33 _aРегиональная (территориальная) экономика. Земельный (аграрный) вопрос. Жилищное хозяйство. 332 _z 700 #1 _aSmelik _gNadezhda Leonidovna 856 4# _arusjm.ru _u